000 01042 a2200253 4500
001 23971
005 20260407155526.0
008 260407a1977 arg spa d
003 AR-UNSa-BCEJYS
040 _aAR-UNSa-BCEJYS
_bspa
_cAR-UNSa-BCEJYS
080 _a658.15
_xAdministración financiera privada. Gestión financiera de empresas
245 1 0 _aFinanzas en administración
020 _a978-968-25-0547-8
250 _a5a. ed
264 1 _aMéxico :
_bInteramericana
_c1977
300 _axv, 795 p.
_c25 cm.
505 _a1. Estudio general de las finanzas: análisis, planificación y control - 2. Administración del capital en giro - 3. Decisiones sobre activo alargo plazo - 4. Fuentes y formas de financiación a largo plazo - 5. Estructura financiera y costo del capital - 6. Temas integrados en la administración financiera - 7. Apendices
041 _aspa
942 _cBK
590 _aniveau_biblio:m niveau_hierar:0
100 1 _aWeston, J. Ferd
700 1 _aBrigham, Eugene F.
700 1 _aAgut Armer, Vicente
999 _c1149
_d1149